000 00719nam a2200229Ia 4500
003 OSt
005 20220923212256.0
006 a|||||r|||| 00| 0
007 ta
008 220922b |||||||| |||| 00| 0 hin d
024 _a151,945
037 _cTextual
040 _aARTS
_cARTS
_bhin
041 _2hin
_ahin
082 _aDelta2z7, 152K6
245 0 _aजीवन - विज्ञान, श्यामसुन्दर झुनझुनवाला अनु
246 _aJīvan - vijnyāna, shyāmasundar zunazunavālā anu0
260 _c1966
490 _aअदिति पुस्तक माला; 5
942 _hDelta2z7, 152K6
_cTEXL
_2CC
999 _c307618
_d307618